|
|
|
|
| LEADER |
00000cam a2200000 a 4500 |
| 001 |
TAG-238 |
| 005 |
20230308194803.0 |
| 008 |
003011|2002 ||||||||r|||||||||||spa|| |
| 040 |
|
|
|b spa
|
| 041 |
1 |
|
|a spa
|
| 082 |
0 |
|
|b 2784
|
| 245 |
|
|
|a Elongación de tallos en tres variedades de rosas por el método de soldado y la utilización de tres bioestimulantes
|c Luis Fernández y Segundo Zhuin
|h imp
|
| 264 |
|
|
|a Cuenca
|c 2002
|
| 300 |
|
|
|a 167 páginas:
|b ilu
|c 30 cm
|
| 502 |
|
|
|a Ingeniero Agrónomo
|b Universidad de Cuenca
|c agro
|d Déleg Pacheco, Hernán, dir.
|e ESCUELA DE INGENIERIA AGRONOMICA
|
| 504 |
|
|
|a incl. ref.
|
| 520 |
3 |
|
|a Se realizó en la Empresa Flores Bemani, el objetivo principal fue obtener la elongación de tallos en tres variedades de rosas, utilizando la técnica de la suelda y tres bioestimulantes
|
| 650 |
1 |
|
|a Rosas elongacion de tallos
|9 155411
|
| 650 |
1 |
|
|a Sinincay
|9 87685
|
| 852 |
|
|
|a UC-YANUNCAY
|c SALA 1 AGROPECUARIAS
|f Compra
|k esthela.duran
|l 1
|p 20030114
|q 5,00
|t TAG-238
|d CDRY
|e CDRY
|g 2784 SALA 1 AGROPECUARIAS
|z 2003-30-11
|
| 942 |
|
|
|c TS
|
| 999 |
|
|
|c 87217
|d 87217
|